| 000 | 00656nam a2200241Ia 4500 | ||
|---|---|---|---|
| 005 | 20250425162328.0 | ||
| 008 | 250425s9999 xx 000 0 und d | ||
| 020 | _a9978340130 | ||
| 041 | _aspa | ||
| 043 | _aec | ||
| 082 | _a080 | ||
| 100 | _aJARAMILLO ALVARADO, PIO | ||
| 245 | 0 | _aEL INDIO ECUATORIANO | |
| 250 | _a1A ED. | ||
| 260 |
_aEcuador _bUNIVERSIDAD ALFREDO PÈREZ GUERRERO _c2006 |
||
| 260 |
_aS.L. _bUNIVERSIDAD ALFREDO PÈREZ GUERRERO |
||
| 300 | _a177 | ||
| 500 | _aCOLECCIÒN EDUCACIÒN Y LIBERTAD; TOMO VII | ||
| 650 | _aENSAYOS LITERARIOS | ||
| 710 | _aUNIVERSIDAD ALFREDO PEREZ GUERRERO | ||
| 942 | _c01 | ||
| 010 | _a62623 | ||
| 999 |
_c226982 _d226982 |
||